Ellen Pompeo Filmography - Statistics

General Stats
  • This quiz has been taken 13 times
    2 since last reset
  • The average score is 5 of 34
Answer Stats
Type Year Name % Correct
TV Show 2005-Present Grey's Anatomy
100%
Film 2002 Catch Me If You Can
50%
Film 2003 Daredevil
50%
TV Show 2017 Doc McStuffins
50%
Web Mini-Series 2025 Good American Family
50%
TV Show 1996, 2000 Law & Order
50%
Film 2003 Old School
50%
TV Show 2018, 2020, 2023 Station 19
50%
Short Film 1999 8 1/2 x 11
0%
Film 2004 Art Heist
0%
Music Video 2015 Bad Blood
0%
Commercial Late 1990s Citibank
0%
Film 1999 Coming Soon
0%
Short Film 1995 Do You Have the Time
0%
Short Film 2000 Eventual Wife
0%
TV Show 2004 Friends
0%
TV Show 2000 Get Real
0%
Film 2000 In the Weeds
0%
Film 2005 Life of the Party
0%
Film 2000 Mambo Café
0%
Web Series 2021 Martha Gets Down and Dirty
0%
Commercial 2019-2021 Meaningful Beauty
0%
Film 2002 Moonlight Mile
0%
Short Film 2004 Nobody's Perfect
0%
Commercial 2007 Propel
0%
TV Show 2005 Punk'd
0%
TV Show 2015 Repeat After Me
0%
TV Show 2019 RuPaul's Drag Race All Stars
0%
TV Show 1999 Strangers with Candy
0%
TV Show 2001 Strong Medicine
0%
Podcast 2021-2022 Tell Me with Ellen Pompeo
0%
TV Show 2001 The Job
0%
TV Show 2011 The Marriage Ref
0%
Film 2003 Undermind
0%
No matching quizzes found
Score Distribution
Percent of People with Each Score
Percentile by Number Answered
Your Score History
You have not taken this quiz since the last reset